[Event "1.b HSL 19 "]
[Site "Mali Losinj"]
[Date "2019.10.02"]
[Round "5.11"]
[White "Lenic, Luka"]
[Black "Sedlak, Nikola"]
[Result "1/2-1/2"]
[WhiteElo "2644"]
[BlackElo "2572"]
[PlyCount "50"]
[EventDate "2019.09.28"]
[EventCountry "CRO"]
[WhiteTeam "ŠK SESVETE-AGROPROTEINKA, Sesvete"]
[BlackTeam "ŠK ŠIBENIK, Šibenik"]

1. d4 Nf6 2. c4 g6 3. Nc3 d5 4. cxd5 Nxd5 5. e4 Nxc3 6. bxc3 Bg7 7. Nf3 c5 8.
Rb1 O-O 9. Be2 cxd4 10. cxd4 Qa5+ 11. Bd2 Qxa2 12. O-O Bg4 13. Rxb7 Bxf3 14.
Bxf3 Bxd4 15. Bg5 Rd8 16. Qc1 Na6 17. Bxe7 Rac8 18. Qf4 Nc5 19. Bxd8 Nxb7 20.
Bf6 Bxf6 21. Qxf6 Nc5 22. h4 Qe6 23. Qxe6 Nxe6 24. Ra1 Nc5 25. Rxa7 Re8 1/2-1/2

[Event "1.b HSL 19 "]
[Site "Mali Losinj"]
[Date "2019.10.02"]
[Round "5.12"]
[White "Nikcevic, Nebojsa"]
[Black "Postny, Evgeny"]
[Result "0-1"]
[WhiteElo "2415"]
[BlackElo "2601"]
[PlyCount "68"]
[EventDate "2019.09.28"]
[EventCountry "CRO"]
[WhiteTeam "ŠK ŠIBENIK, Šibenik"]
[BlackTeam "ŠK SESVETE-AGROPROTEINKA, Sesvete"]

1. c4 e5 2. Nc3 Nf6 3. Nf3 Nc6 4. e3 Bb4 5. Qc2 Bxc3 6. Qxc3 Qe7 7. d4 Ne4 8.
Qd3 exd4 9. Nxd4 O-O 10. Be2 Qb4+ 11. Kf1 Qe7 12. f3 Nc5 13. Qc3 Nxd4 14. exd4
Re8 15. Qc2 Ne6 16. Be3 Nf8 17. Bf2 d5 18. c5 Qf6 19. Qd2 b6 20. Rc1 bxc5 21.
Rxc5 Ba6 22. Bd3 Ne6 23. Rc6 Bb7 24. Rc3 Nf4 25. Bb5 Ba6 26. a4 Bxb5+ 27. axb5
Re2 28. Qxe2 Nxe2 29. Kxe2 Re8+ 30. Re3 Rxe3+ 31. Bxe3 Qb6 32. Rc1 Qxb5+ 33.
Ke1 Qxb2 34. Rxc7 h5 0-1

[Event "1.b HSL 19 "]
[Site "Mali Losinj"]
[Date "2019.10.02"]
[Round "5.13"]
[White "Jovanovic, Zoran"]
[Black "Matkovic, Tonci"]
[Result "1-0"]
[WhiteElo "2507"]
[BlackElo "2281"]
[PlyCount "45"]
[EventDate "2019.09.28"]
[EventCountry "CRO"]
[WhiteTeam "ŠK SESVETE-AGROPROTEINKA, Sesvete"]
[BlackTeam "ŠK ŠIBENIK, Šibenik"]

1. e4 e5 2. Nf3 Nc6 3. d4 d6 4. Nc3 Be7 5. dxe5 Nxe5 6. Nxe5 dxe5 7. Qh5 Bd6 8.
Bc4 Qf6 9. Nb5 Qg6 10. Qxg6 hxg6 11. Bd2 Ke7 12. O-O-O Be6 13. Be2 Nf6 14. f3
Rhd8 15. b3 Ke8 16. Ba5 Rac8 17. Rxd6 cxd6 18. Bxd8 Rxd8 19. Nxa7 Ra8 20. Nb5
Rxa2 21. Kb1 Bxb3 22. Bd3 Be6 23. Nc7+ 1-0

[Event "1.b HSL 19 "]
[Site "Mali Losinj"]
[Date "2019.10.02"]
[Round "5.15"]
[White "Ivekovic, Zvonimir"]
[Black "Grgurevic, Boris"]
[Result "1/2-1/2"]
[WhiteElo "2405"]
[BlackElo "2177"]
[PlyCount "89"]
[EventDate "2019.09.28"]
[EventCountry "CRO"]
[WhiteTeam "ŠK SESVETE-AGROPROTEINKA, Sesvete"]
[BlackTeam "ŠK ŠIBENIK, Šibenik"]

1. e4 e5 2. Nf3 Nc6 3. d4 exd4 4. Nxd4 Bc5 5. Nb3 Bb6 6. Nc3 Nf6 7. Bg5 h6 8.
Bh4 g5 9. Bg3 d6 10. Qd2 Qe7 11. O-O-O Be6 12. Bb5 O-O-O 13. Bxc6 bxc6 14. Rhe1
Nh5 15. Nd4 Kb7 16. Nd5 Qd7 17. Ne3 Nxg3 18. hxg3 Bxd4 19. Qxd4 c5 20. Qf6 Qa4
21. f3 Qxa2 22. Rd3 Qa5 23. Red1 c4 24. Rc3 Qe5 25. Qxe5 dxe5 26. Rxd8 Rxd8 27.
Nxc4 Bxc4 28. Rxc4 h5 29. Rc3 h4 30. g4 Rd6 31. Re3 h3 32. gxh3 Rh6 33. Rb3+
Kc6 34. Kd2 Rxh3 35. Ke3 Rh2 36. c3 f6 37. Rb8 Kd7 38. Rb7 a6 39. Rb4 Kc6 40.
Rb8 Kd7 41. Kd3 Rf2 42. Ke3 Rc2 43. Rb4 a5 44. Rb5 Kc6 45. Rxa5 1/2-1/2

[Event "1.b HSL 19 "]
[Site "Mali Losinj"]
[Date "2019.10.02"]
[Round "5.21"]
[White "Brkic, Ante"]
[Black "Djukic, Nikola"]
[Result "1-0"]
[WhiteElo "2600"]
[BlackElo "2518"]
[PlyCount "55"]
[EventDate "2019.09.28"]
[EventCountry "CRO"]
[WhiteTeam "ŠK VINKOVCI, Vinkovci"]
[BlackTeam "ŠK DUBROVNIK, Dubrovnik"]

1. e4 c5 2. Nf3 d6 3. Bb5+ Nd7 4. O-O a6 5. Bd3 Ngf6 6. c3 b5 7. Bc2 Bb7 8. Re1
c4 9. a4 e6 10. d4 cxd3 11. Qxd3 Nc5 12. Qe2 bxa4 13. Be3 Nfd7 14. Bxc5 Nxc5
15. Rxa4 Be7 16. Rd4 O-O 17. e5 d5 18. Nbd2 a5 19. Rg4 Rb8 20. Qe3 Kh8 21. Nd4
Ne4 22. Nf1 Bh4 23. Ng3 h5 24. Rf4 Bg5 25. Nxh5 Bxf4 26. Qxf4 Ba8 27. Bxe4 dxe4
28. Nf6 1-0

[Event "1.b HSL 19 "]
[Site "Mali Losinj"]
[Date "2019.10.02"]
[Round "5.33"]
[White "Dabo-Peranic, Robert"]
[Black "Plenkovic, Zdenko"]
[Result "1-0"]
[WhiteElo "2322"]
[BlackElo "2368"]
[PlyCount "60"]
[EventDate "2019.09.28"]
[EventCountry "CRO"]
[WhiteTeam "ŠK ĐURO ĐAKOVIĆ, Slavonski Brod"]
[BlackTeam "ŠK BRDA, Split"]

1. e4 d5 2. exd5 Qxd5 3. Nc3 Qd6 4. d4 Nf6 5. Nf3 g6 6. Nb5 Qb6 7. c4 c6 8. Nc3
Bg7 9. Be2 O-O 10. O-O c5 11. Na4 Qc7 12. Nxc5 Nc6 13. Nb3 Rd8 14. Be3 a5 15.
h3 a4 16. Nbd2 Nh5 17. d5 a3 18. bxa3 Bxa1 19. Qxa1 Nb8 20. Rb1 Nd7 21. Nd4 Qe5
22. g4 Nf4 23. Bf1 Rxa3 24. N2f3 Qe4 25. Nd2 Qe5 26. N2f3 Qe4 27. Ng5 Qe5 28.
Bxf4 Qxf4 29. Nde6 fxe6 30. Nxe6 Qe5 1-0

[Event "1.b HSL 19 "]
[Site "Mali Losinj"]
[Date "2019.10.02"]
[Round "5.34"]
[White "Rade, Miroslav"]
[Black "Rubil, Marko"]
[Result "1/2-1/2"]
[WhiteElo "2390"]
[BlackElo "2269"]
[PlyCount "88"]
[EventDate "2019.09.28"]
[EventCountry "CRO"]
[WhiteTeam "ŠK BRDA, Split"]
[BlackTeam "ŠK ĐURO ĐAKOVIĆ, Slavonski Brod"]

1. e4 e5 2. Nf3 Nc6 3. Bb5 Nf6 4. d3 Bc5 5. c3 d5 6. O-O O-O 7. Bxc6 bxc6 8.
Nxe5 dxe4 9. d4 Bb6 10. Bg5 h6 11. Bxf6 Qxf6 12. Nd2 Qe6 13. b4 c5 14. bxc5
Bxc5 15. Nxe4 Bb6 16. Re1 Bb7 17. Qf3 Bd5 18. a4 f5 19. a5 fxe4 20. Qg3 Rf5 21.
axb6 cxb6 22. Reb1 a5 23. h3 a4 24. Ng4 Bb3 25. Ne3 Rg5 26. d5 Bxd5 27. Qc7 Bb3
28. c4 Rc8 29. Qf4 Rf8 30. Qh4 Qe5 31. Re1 Rf4 32. Ng4 Qf5 33. g3 Rf3 34. Rxe4
Qc5 35. Re3 Rxf2 36. Kxf2 h5 37. Rae1 hxg4 38. Kg2 Bxc4 39. Re8+ Kf7 40. R8e7+
Kf6 41. R7e5 Bd5+ 42. Kf1 Bc4+ 43. Kg2 Bd5+ 44. Kf1 Bc4+ 1/2-1/2

[Event "1.b HSL 19 "]
[Site "Mali Losinj"]
[Date "2019.10.02"]
[Round "5.36"]
[White "Curic, Drazen"]
[Black "Matanovic, Luka"]
[Result "0-1"]
[WhiteElo "2137"]
[BlackElo "2245"]
[PlyCount "46"]
[EventDate "2019.09.28"]
[EventCountry "CRO"]
[WhiteTeam "ŠK BRDA, Split"]
[BlackTeam "ŠK ĐURO ĐAKOVIĆ, Slavonski Brod"]

1. e4 e5 2. Nc3 Nf6 3. f4 d5 4. fxe5 Nxe4 5. Qf3 Nxc3 6. dxc3 Be6 7. Bf4 Qd7 8.
h3 Be7 9. O-O-O Nc6 10. Qg3 g5 11. Be3 O-O-O 12. Bb5 a6 13. Be2 Na5 14. Nf3 Qa4
15. a3 Nc4 16. Bxc4 Qxc4 17. Nd2 Qa2 18. Nb3 d4 19. cxd4 a5 20. d5 Bxd5 21.
Qg4+ Kb8 22. Qa4 Bb4 23. Rxd5 Rxd5 0-1

[Event "1.b HSL 19 "]
[Site "Mali Losinj"]
[Date "2019.10.02"]
[Round "5.42"]
[White "Fercec, Nenad"]
[Black "Rezan, Sasa"]
[Result "1/2-1/2"]
[WhiteElo "2439"]
[BlackElo "2432"]
[PlyCount "34"]
[EventDate "2019.09.28"]
[EventCountry "CRO"]
[WhiteTeam "ŠK PULA, Pula"]
[BlackTeam "ŠK GORAN, Bibinje"]

1. e4 c5 2. Nf3 d6 3. d4 cxd4 4. Nxd4 Nf6 5. Nc3 a6 6. Bg5 Nbd7 7. Qe2 b5 8.
O-O-O Bb7 9. f4 Rc8 10. e5 dxe5 11. fxe5 Rxc3 12. exf6 Rc5 13. fxe7 Bxe7 14.
Bxe7 Qxe7 15. Qxe7+ Kxe7 16. Bd3 g6 17. Rhe1+ Re5 1/2-1/2

[Event "1.b HSL 19 "]
[Site "Mali Losinj"]
[Date "2019.10.02"]
[Round "5.43"]
[White "Bilobrk, Franjo"]
[Black "Zufic, Miroslav"]
[Result "1/2-1/2"]
[WhiteElo "2334"]
[BlackElo "2382"]
[PlyCount "62"]
[EventDate "2019.09.28"]
[EventCountry "CRO"]
[WhiteTeam "ŠK GORAN, Bibinje"]
[BlackTeam "ŠK PULA, Pula"]

1. d4 Nf6 2. c4 e6 3. Nf3 d5 4. Nc3 Nbd7 5. cxd5 exd5 6. Bg5 Be7 7. e3 c6 8.
Bd3 Nh5 9. Bxe7 Qxe7 10. O-O Nhf6 11. Qc2 O-O 12. Rab1 Re8 13. b4 a6 14. a4 Nb6
15. Ne5 g6 16. a5 Nbd7 17. f4 Nh5 18. Rfe1 Nf8 19. Na4 f6 20. Nb6 Rb8 21. Nf3
Bg4 22. Nd2 Ng7 23. Qc5 Nfe6 24. Qxe7 Rxe7 25. Rbc1 Rbe8 26. Kf2 Bf5 27. Be2 h5
28. Na4 Bg4 29. Bd3 Bf5 30. Be2 Bg4 31. Bd3 Bf5 1/2-1/2

[Event "1.b HSL 19 "]
[Site "Mali Losinj"]
[Date "2019.10.02"]
[Round "5.44"]
[White "Franic, Milan"]
[Black "Biliskov, Vjekoslav"]
[Result "1-0"]
[WhiteElo "2366"]
[BlackElo "2333"]
[PlyCount "97"]
[EventDate "2019.09.28"]
[EventCountry "CRO"]
[WhiteTeam "ŠK PULA, Pula"]
[BlackTeam "ŠK GORAN, Bibinje"]

1. d4 d5 2. c4 e6 3. Nc3 Bb4 4. Nf3 dxc4 5. e4 b5 6. a4 c6 7. Be2 Bb7 8. O-O a6
9. Qc2 Ne7 10. b3 cxb3 11. Qxb3 Ba5 12. Ba3 Nd7 13. Rfd1 b4 14. Bxb4 Rb8 15.
Bd6 Bc7 16. Qa3 Bxd6 17. Qxd6 O-O 18. Rab1 a5 19. Rd2 Ba8 20. Rxb8 Nxb8 21. Qc5
Nc8 22. Ne5 f6 23. Nc4 Na6 24. Qxa5 Qxa5 25. Nxa5 Nc7 26. Rb2 Ne7 27. f3 Rd8
28. Rb4 e5 29. dxe5 fxe5 30. Bc4+ Kf8 31. Nb3 Ng6 32. g3 Ke7 33. Kf2 Nf8 34. f4
Nd7 35. a5 Ne6 36. Bxe6 Kxe6 37. Ke3 Kd6 38. Nd2 c5 39. Nc4+ Kc7 40. Rb2 exf4+
41. gxf4 Nf6 42. Ne5 Re8 43. Rb6 Bxe4 44. Nb5+ Kd8 45. Rb8+ Ke7 46. Rxe8+ Kxe8
47. Nd6+ Ke7 48. Nxe4 Nd5+ 49. Kf3 1-0

[Event "1.b HSL 19 "]
[Site "Mali Losinj"]
[Date "2019.10.02"]
[Round "5.45"]
[White "Sinanovic, Muhamed"]
[Black "Krsnik Cohar, Ivan Vihor"]
[Result "1-0"]
[WhiteElo "2312"]
[BlackElo "2340"]
[PlyCount "75"]
[EventDate "2019.09.28"]
[EventCountry "CRO"]
[WhiteTeam "ŠK GORAN, Bibinje"]
[BlackTeam "ŠK PULA, Pula"]

1. g3 e5 2. c4 Nc6 3. Bg2 f5 4. Nc3 Nf6 5. d3 Bb4 6. Bd2 O-O 7. e3 Bxc3 8. Bxc3
d6 9. Ne2 Qe8 10. Qd2 Be6 11. f4 Rd8 12. O-O Qh5 13. h3 Qh6 14. b3 e4 15. Bxf6
Qxf6 16. dxe4 fxe4 17. Nc3 Qe7 18. Kh2 Bf5 19. g4 Bg6 20. Nd5 Qd7 21. f5 Bf7
22. Bxe4 Bxd5 23. Bxd5+ Kh8 24. Bxc6 Qxc6 25. Qd4 d5 26. Rad1 Qd6+ 27. Kg2 Qa3
28. f6 Rf7 29. fxg7+ Rxg7 30. Rd2 Kg8 31. cxd5 h5 32. Rf4 Rd6 33. Qe4 hxg4 34.
hxg4 Qc1 35. Rdf2 Rdg6 36. Rf8+ Kh7 37. Rf1 Qb2+ 38. R8f2 1-0

[Event "1.b HSL 19 "]
[Site "Mali Losinj"]
[Date "2019.10.02"]
[Round "5.51"]
[White "Nagy, Gabor"]
[Black "Sokolov, Ivan"]
[Result "1-0"]
[WhiteElo "2484"]
[BlackElo "2584"]
[PlyCount "49"]
[EventDate "2019.09.28"]
[EventCountry "CRO"]
[WhiteTeam "ŠK BJELOVAR, Bjelovar"]
[BlackTeam "ŠK STRIDON, Štrigova"]

1. d4 Nf6 2. c4 e6 3. Nf3 d5 4. Nc3 Nbd7 5. cxd5 exd5 6. Qc2 c6 7. Bf4 Nh5 8.
Bd2 Bd6 9. g4 Nhf6 10. g5 Nh5 11. e4 dxe4 12. Nxe4 Nb6 13. Ne5 Be7 14. Be2 g6
15. Bxh5 gxh5 16. O-O-O Nd5 17. Rhe1 O-O 18. Ng3 Nb4 19. Bxb4 Bxb4 20. f4 Bxe1
21. Nxh5 Bh4 22. Nf6+ Qxf6 23. gxf6 Bxf6 24. Rg1+ Kh8 25. f5 1-0

[Event "1.b HSL 19 "]
[Site "Mali Losinj"]
[Date "2019.10.02"]
[Round "5.52"]
[White "Nemeth, Miklos"]
[Black "Srbis, Jurica"]
[Result "1/2-1/2"]
[WhiteElo "2488"]
[BlackElo "2445"]
[PlyCount "90"]
[EventDate "2019.09.28"]
[EventCountry "CRO"]
[WhiteTeam "ŠK STRIDON, Štrigova"]
[BlackTeam "ŠK BJELOVAR, Bjelovar"]

1. e4 e5 2. Nf3 Nc6 3. Bc4 Nf6 4. d3 Bc5 5. O-O d6 6. c3 a5 7. a4 O-O 8. Na3 h6
9. Nc2 Be6 10. Bxe6 fxe6 11. Qe2 Qe8 12. Be3 Bxe3 13. Qxe3 Qg6 14. b4 b6 15. h3
Rf7 16. Nd2 Nh5 17. b5 Nf4 18. Ne1 Ne7 19. Kh2 Raf8 20. d4 Qh5 21. Qf3 Qg5 22.
Nc4 Neg6 23. Qg3 Qf6 24. Qe3 d5 25. Nxe5 Nxe5 26. dxe5 Qxe5 27. g3 Nh5 28. Ra2
Nf6 29. Nd3 Qxe4 30. Re1 Qxe3 31. Rxe3 Ne4 32. c4 Nc3 33. Rc2 dxc4 34. Rxc3
cxd3 35. f4 e5 36. Rexd3 exf4 37. gxf4 Kh7 38. f5 Re7 39. Rd5 Rff7 40. Rc4 Re3
41. Kg2 Rb3 42. Re4 Rc3 43. h4 Ra3 44. h5 Ra2+ 45. Kg3 Ra1 1/2-1/2

[Event "1.b HSL 19 "]
[Site "Mali Losinj"]
[Date "2019.10.02"]
[Round "5.53"]
[White "Cop, Tomislav"]
[Black "Krstic, Uros"]
[Result "1/2-1/2"]
[WhiteElo "2349"]
[BlackElo "2354"]
[PlyCount "91"]
[EventDate "2019.09.28"]
[EventCountry "CRO"]
[WhiteTeam "ŠK BJELOVAR, Bjelovar"]
[BlackTeam "ŠK STRIDON, Štrigova"]

1. e4 e5 2. Nf3 Nc6 3. Bb5 a6 4. Ba4 Nf6 5. O-O Be7 6. Re1 b5 7. Bb3 O-O 8. Nc3
d6 9. Nd5 Na5 10. d4 Nxd5 11. exd5 f6 12. h3 Bb7 13. c3 Nxb3 14. Qxb3 Kh8 15.
a4 Qd7 16. c4 Rfb8 17. axb5 axb5 18. Rxa8 Bxa8 19. dxe5 dxe5 20. Rd1 Rd8 21.
cxb5 Bxd5 22. Qc2 Kg8 23. Be3 Qxb5 24. Qxc7 Rd7 25. Qc8+ Kf7 26. Rd2 Be6 27.
Qc2 g6 28. Rxd7 Bxd7 29. Nd2 Bf5 30. Qc3 Qd3 31. Qc7 Qb5 32. Qc3 Qd3 33. Qc7
Qb5 34. Qc3 h5 35. b3 Qd3 36. Qc7 Qd6 37. Qc3 g5 38. Nc4 Qd3 39. Qb2 h4 40. Nd2
Bb4 41. Qa2 Be6 42. Nc4 Qd7 43. Qc2 Kg7 44. Qc1 Be7 45. Nd2 Qb7 46. Qc2 1/2-1/2

[Event "1.b HSL 19 "]
[Site "Mali Losinj"]
[Date "2019.10.02"]
[Round "5.54"]
[White "Trbojevic, Mladen"]
[Black "Petrusic, Toni"]
[Result "1-0"]
[WhiteElo "2338"]
[BlackElo "2272"]
[PlyCount "55"]
[EventDate "2019.09.28"]
[EventCountry "CRO"]
[WhiteTeam "ŠK STRIDON, Štrigova"]
[BlackTeam "ŠK BJELOVAR, Bjelovar"]

1. d4 Nf6 2. Nf3 g6 3. Bg5 Bg7 4. Nbd2 d5 5. e3 O-O 6. c3 c5 7. Be2 b6 8. O-O
Nc6 9. a4 Ne4 10. Bh4 h6 11. Nxe4 dxe4 12. Nd2 f5 13. Bb5 Bb7 14. dxc5 g5 15.
Bg3 e5 16. f3 f4 17. Bf2 exf3 18. Nxf3 bxc5 19. exf4 e4 20. Nd2 Rxf4 21. Bxc5
Ne5 22. Be3 Ng4 23. Bxf4 Qb6+ 24. Kh1 Nf2+ 25. Rxf2 Qxf2 26. Bg3 Qf5 27. Nc4
Qg6 28. Nd6 1-0

[Event "1.b HSL 19 "]
[Site "Mali Losinj"]
[Date "2019.10.02"]
[Round "5.55"]
[White "Blagojevic, Marijan"]
[Black "Vernacki, Srdjan"]
[Result "1-0"]
[WhiteElo "2196"]
[BlackElo "2318"]
[PlyCount "116"]
[EventDate "2019.09.28"]
[EventCountry "CRO"]
[WhiteTeam "ŠK BJELOVAR, Bjelovar"]
[BlackTeam "ŠK STRIDON, Štrigova"]

1. d4 Nf6 2. c4 c5 3. d5 g6 4. Nc3 Bg7 5. e4 O-O 6. Nf3 e6 7. Bd3 exd5 8. cxd5
d6 9. h3 a6 10. a4 Nbd7 11. O-O Re8 12. Re1 Qe7 13. Bf4 Nh5 14. Be3 Ne5 15. Be2
Nxf3+ 16. Bxf3 Nf6 17. Qd2 Nd7 18. Rab1 Be5 19. b4 Qf6 20. Rec1 Rb8 21. a5 b5
22. axb6 Nxb6 23. Be2 c4 24. Na2 Qh4 25. Bf3 Qd8 26. b5 axb5 27. Rxb5 Bd7 28.
Rb4 Qc7 29. Be2 Rec8 30. Nc3 Be8 31. Bd4 Nd7 32. Rxc4 Qb7 33. Rxc8 Rxc8 34. Rb1
Qa8 35. Nb5 Rb8 36. Rc1 Bxd4 37. Qxd4 Qa6 38. Ra1 Qb6 39. Qxb6 Rxb6 40. Ra8 Nf6
41. Rd8 Kg7 42. Nxd6 Ba4 43. Bf3 Bb3 44. Ne8+ Nxe8 45. Rxe8 Rb4 46. Kh2 Rd4 47.
e5 Rd2 48. Kg3 Rd3 49. Rd8 g5 50. h4 gxh4+ 51. Kxh4 Rd4+ 52. Kg3 h5 53. Rd7 h4+
54. Kh2 Kf8 55. e6 fxe6 56. dxe6 Rf4 57. e7+ Ke8 58. Bc6 Rf6 1-0

[Event "1.b HSL 19 "]
[Site "Mali Losinj"]
[Date "2019.10.02"]
[Round "5.56"]
[White "Tomasic, Roland"]
[Black "Machata, Martin"]
[Result "0-1"]
[WhiteElo "2102"]
[BlackElo "2179"]
[PlyCount "76"]
[EventDate "2019.09.28"]
[EventCountry "CRO"]
[WhiteTeam "ŠK STRIDON, Štrigova"]
[BlackTeam "ŠK BJELOVAR, Bjelovar"]

1. e4 d5 2. exd5 Nf6 3. d4 Nxd5 4. Nf3 g6 5. c4 Nb6 6. c5 Nd5 7. Nc3 Bg7 8. Bc4
Nxc3 9. bxc3 O-O 10. O-O Nc6 11. Bg5 h6 12. Bd2 Bg4 13. h3 Bxf3 14. Qxf3 e5 15.
Bd5 exd4 16. Bxc6 bxc6 17. Rad1 Qd5 18. Qxd5 cxd5 19. cxd4 Rfe8 20. Bf4 c6 21.
Rd3 Re4 22. Be3 f5 23. f3 Rxe3 24. Rxe3 Bxd4 25. Rb1 Bxe3+ 26. Kf1 Bxc5 27. Rb7
Re8 28. Rc7 Re6 29. a4 f4 30. a5 d4 31. Rd7 Kf8 32. h4 h5 33. g4 hxg4 34. fxg4
Ke8 35. Rb7 d3 36. h5 gxh5 37. gxh5 d2 38. Rb1 Bb4 0-1

[Event "1.b HSL 19 "]
[Site "Mali Losinj"]
[Date "2019.10.03"]
[Round "6.12"]
[White "Nemeth, Miklos"]
[Black "Nikcevic, Nebojsa"]
[Result "1/2-1/2"]
[WhiteElo "2488"]
[BlackElo "2415"]
[PlyCount "119"]
[EventDate "2019.09.28"]
[EventCountry "CRO"]
[WhiteTeam "ŠK STRIDON, Štrigova"]
[BlackTeam "ŠK ŠIBENIK, Šibenik"]

1. e4 e5 2. Nc3 Nc6 3. Bc4 Nf6 4. d3 Na5 5. Bb3 Nxb3 6. axb3 d5 7. exd5 Bb4 8.
Bd2 Nxd5 9. Nxd5 Bxd2+ 10. Qxd2 Qxd5 11. Nf3 O-O 12. O-O f6 13. Qc3 Bd7 14. Ra5
Qd6 15. d4 e4 16. Nd2 b6 17. Raa1 Rfe8 18. Nc4 Qc6 19. Qg3 Be6 20. Ne3 a5 21.
c4 Qd6 22. Qxd6 cxd6 23. Ra3 f5 24. g3 g5 25. f4 exf3 26. Rxf3 Rf8 27. Ra1 Kg7
28. Re1 Kg6 29. Nd1 Rae8 30. Nc3 Bd7 31. Rxe8 Rxe8 32. Kf2 Bc6 33. Re3 Rxe3 34.
Kxe3 Kf6 35. d5 Bd7 36. Kd4 Be8 37. Nd1 f4 38. gxf4 gxf4 39. Nc3 Bg6 40. Na4
Kg5 41. Nxb6 Kg4 42. Nd7 Kh3 43. Nf6 h5 44. Ne4 Kg2 45. Nd2 h4 46. c5 dxc5+ 47.
Ke5 f3 48. Kf4 f2 49. Kg5 Be8 50. Kxh4 Kxh2 51. Kg5 Bb5 52. Kf4 Kg2 53. Ke5
f1=Q 54. Nxf1 Kxf1 55. Kd6 Ke2 56. Kxc5 Be8 57. b4 axb4 58. Kxb4 Kd3 59. Kc5
Ke4 60. b4 1/2-1/2

[Event "1.b HSL 19 "]
[Site "Mali Losinj"]
[Date "2019.10.03"]
[Round "6.13"]
[White "Matkovic, Tonci"]
[Black "Krstic, Uros"]
[Result "1/2-1/2"]
[WhiteElo "2281"]
[BlackElo "2354"]
[PlyCount "93"]
[EventDate "2019.09.28"]
[EventCountry "CRO"]
[WhiteTeam "ŠK ŠIBENIK, Šibenik"]
[BlackTeam "ŠK STRIDON, Štrigova"]

1. e4 e5 2. Nf3 Nc6 3. Bb5 a6 4. Ba4 Nf6 5. O-O Be7 6. Re1 b5 7. Bb3 O-O 8. c3
d6 9. h3 Nd7 10. d4 Bf6 11. Bd5 Bb7 12. dxe5 dxe5 13. Be3 Nb6 14. Bxb6 cxb6 15.
Nbd2 Qc7 16. a4 bxa4 17. Rxa4 b5 18. Ra2 Rad8 19. Qe2 Bc8 20. b3 Rfe8 21. Nf1
Ne7 22. c4 Nxd5 23. cxd5 Be7 24. Rc2 Qb8 25. Ne3 Bd7 26. Ra2 Qd6 27. Rea1 Ra8
28. Ne1 Qb6 29. Nf3 Bd6 30. g4 g6 31. Kg2 f6 32. Qd2 Rec8 33. Qa5 Qb7 34. Qd2
Kh8 35. Rc1 Rxc1 36. Qxc1 a5 37. Qa1 Qc7 38. Rc2 Qd8 39. Ra2 h6 40. Nh4 Kh7 41.
Nf3 Qb6 42. Nd2 Bc5 43. Kf3 Bd4 44. Qc1 Bc5 45. Qa1 Bb4 46. Qc1 Rc8 47. Rc2
1/2-1/2

[Event "1.b HSL 19 "]
[Site "Mali Losinj"]
[Date "2019.10.03"]
[Round "6.14"]
[White "Trbojevic, Mladen"]
[Black "Vlaic, Branko"]
[Result "1-0"]
[WhiteElo "2338"]
[BlackElo "2270"]
[PlyCount "163"]
[EventDate "2019.09.28"]
[EventCountry "CRO"]
[WhiteTeam "ŠK STRIDON, Štrigova"]
[BlackTeam "ŠK ŠIBENIK, Šibenik"]

1. e4 c6 2. Nc3 d5 3. Nf3 Nf6 4. e5 Ne4 5. Ne2 Qb6 6. d4 e6 7. Ng3 Nxg3 8. hxg3
Be7 9. Bd3 c5 10. dxc5 Qxc5 11. O-O Qc7 12. Re1 Nc6 13. Ng5 h6 14. Nh3 Nxe5 15.
Bf4 Bd6 16. Bb5+ Bd7 17. Bxe5 Bxe5 18. Bxd7+ Kxd7 19. Qh5 f6 20. c4 Qxc4 21.
Qf7+ Kd6 22. Rac1 Rhf8 23. Qxb7 Rfb8 24. Qxg7 Rg8 25. Qxh6 Qxa2 26. Ra1 Qc4 27.
Rec1 Qb5 28. Qh7 Rgc8 29. Rxc8 Rxc8 30. Rxa7 Bxb2 31. Qe7+ Ke5 32. f4+ Kd4 33.
Kh2 Rc6 34. Qxf6+ Kd3 35. Qg6+ Kd2 36. f5 exf5 37. Qxf5 Qd3 38. Qg5+ Kc2 39.
Nf4 Qd4 40. Rd7 Qh8+ 41. Nh3 Qe5 42. Qg8 d4 43. Qh7+ Kc3 44. Nf4 Qb5 45. Rd5
Qa6 46. Qe4 Kb3 47. Qf3+ Bc3 48. Rxd4 Rh6+ 49. Nh3 Rf6 50. Qd1+ Kb2 51. Re4 Qc6
52. Re2+ Ka3 53. Qb1 Qc4 54. Re4 Bd4 55. Rf4 Rh6 56. Qd1 Rd6 57. Qf3+ Kb4 58.
Rf7 Rb6 59. Rf4 Rd6 60. Qb7+ Rb6 61. Qxb6+ Bxb6 62. Rxc4+ Kxc4 63. Nf4 Kd4 64.
Kh3 Ke5 65. Kh4 Kf5 66. Kh5 Be3 67. Nd5 Bd2 68. g4+ Ke6 69. Nb6 Kf6 70. g5+ Kg7
71. Nd5 Bc1 72. Ne7 Kf7 73. Nf5 Kg8 74. Kg6 Bb2 75. Ne3 Bc3 76. Nd5 Bb2 77.
Nf6+ Kh8 78. Kf7 Bc1 79. g6 Bh6 80. Nh5 Bg7 81. g4 Bh6 82. g7+ 1-0

[Event "1.b HSL 19 "]
[Site "Mali Losinj"]
[Date "2019.10.03"]
[Round "6.15"]
[White "Malenica, Mario"]
[Black "Vernacki, Srdjan"]
[Result "0-1"]
[WhiteElo "2221"]
[BlackElo "2318"]
[PlyCount "92"]
[EventDate "2019.09.28"]
[EventCountry "CRO"]
[WhiteTeam "ŠK ŠIBENIK, Šibenik"]
[BlackTeam "ŠK STRIDON, Štrigova"]

1. Nf3 c5 2. g3 b6 3. Bg2 Bb7 4. c4 Nf6 5. O-O e6 6. b3 Be7 7. Bb2 O-O 8. Nc3
a6 9. d4 cxd4 10. Qxd4 d6 11. Rfd1 Nbd7 12. Rac1 Qc7 13. Ne1 Bxg2 14. Nxg2 Qb7
15. Ne3 b5 16. cxb5 axb5 17. b4 d5 18. f4 Bd8 19. Qd3 Bb6 20. Nb1 Rxa2 21. Bd4
Bxd4 22. Qxd4 Ne4 23. Kf1 Nb6 24. Nc3 Nxc3 25. Rxc3 Nc4 26. Ng4 Qe7 27. Rb3 Ra4
28. Rdb1 h6 29. Ne5 Rc8 30. Nf3 Na3 31. R1b2 Rc1+ 32. Kf2 Nc4 33. Rb1 Rxb1 34.
Rxb1 Rxb4 35. Ra1 Ra4 36. Rb1 Na3 37. Qd3 Nxb1 38. Qxb1 Qc5+ 39. Kg2 Qc4 40.
Qd1 Ra2 41. Kf2 b4 42. Nd4 Ra3 43. f5 e5 44. Nf3 Rxf3+ 45. Kxf3 b3 46. f6 Qe4+
0-1

[Event "1.b HSL 19 "]
[Site "Mali Losinj"]
[Date "2019.10.03"]
[Round "6.21"]
[White "Vavulin, Maxim"]
[Black "Nagy, Gabor"]
[Result "1/2-1/2"]
[WhiteElo "2550"]
[BlackElo "2484"]
[PlyCount "30"]
[EventDate "2019.09.28"]
[EventCountry "CRO"]
[WhiteTeam "ŠK PULA, Pula"]
[BlackTeam "ŠK BJELOVAR, Bjelovar"]

1. e4 e5 2. Nf3 Nc6 3. Bb5 a6 4. Ba4 Nf6 5. O-O b5 6. Bb3 Bb7 7. Re1 Bc5 8. c3
Bb6 9. d4 d6 10. a4 h6 11. axb5 axb5 12. Rxa8 Qxa8 13. Na3 O-O 14. Nxb5 exd4
15. cxd4 Na5 1/2-1/2

[Event "1.b HSL 19 "]
[Site "Mali Losinj"]
[Date "2019.10.03"]
[Round "6.22"]
[White "Srbis, Jurica"]
[Black "Tratar, Marko"]
[Result "1-0"]
[WhiteElo "2445"]
[BlackElo "2461"]
[PlyCount "53"]
[EventDate "2019.09.28"]
[EventCountry "CRO"]
[WhiteTeam "ŠK BJELOVAR, Bjelovar"]
[BlackTeam "ŠK PULA, Pula"]

1. d4 Nf6 2. c4 e6 3. Nc3 Bb4 4. e3 O-O 5. Bd3 d5 6. Nf3 c5 7. O-O Nc6 8. cxd5
exd5 9. dxc5 Bxc5 10. h3 a6 11. b3 Be6 12. Bb2 Rc8 13. Rc1 Ba7 14. Ne2 Qe7 15.
Nf4 Ne4 16. Bb1 Rfd8 17. Nd4 Nxd4 18. Rxc8 Rxc8 19. Bxd4 Bxd4 20. Qxd4 Nf6 21.
Rd1 Qc5 22. Qd3 Qc3 23. Qe2 h6 24. Kh2 Qe5 25. g3 Kf8 26. Rd4 Rc1 27. Nd3 1-0

[Event "1.b HSL 19 "]
[Site "Mali Losinj"]
[Date "2019.10.03"]
[Round "6.23"]
[White "Fercec, Nenad"]
[Black "Cop, Tomislav"]
[Result "1-0"]
[WhiteElo "2439"]
[BlackElo "2349"]
[PlyCount "101"]
[EventDate "2019.09.28"]
[EventCountry "CRO"]
[WhiteTeam "ŠK PULA, Pula"]
[BlackTeam "ŠK BJELOVAR, Bjelovar"]

1. e4 c6 2. d4 d5 3. e5 Bf5 4. Nf3 e6 5. Be2 Nd7 6. O-O Ne7 7. Nbd2 Nc8 8. Ne1
Bg6 9. Bd3 c5 10. c3 cxd4 11. cxd4 Qb6 12. Bxg6 hxg6 13. Ndf3 Be7 14. Nd3 a6
15. Be3 Na7 16. Rc1 Rc8 17. Rxc8+ Nxc8 18. g3 Na7 19. h4 Nc6 20. Qb1 Bd8 21.
Nf4 Ne7 22. g4 Qb5 23. Kg2 Nf8 24. Rh1 Nc6 25. b3 a5 26. a4 Qb6 27. Qd3 Nb4 28.
Qb1 Nc6 29. Nd3 Be7 30. Nf4 Bd8 31. Nh3 Qa6 32. Qd1 Nb4 33. Nf4 Qc6 34. Nd3 Qc3
35. Nxb4 Qxb4 36. Qc2 Qb6 37. Rc1 Nd7 38. Qc8 f6 39. exf6 gxf6 40. g5 Qd6 41.
gxf6 O-O 42. Bh6 Re8 43. Bg5 Rf8 44. f7+ Kg7 45. Bxd8 Nb6 46. Bxb6 Rxc8 47.
Rxc8 Kxf7 48. Ne5+ Kg7 49. Bc5 Qa6 50. Rc7+ Kh8 51. Be7 1-0